000 00699nam a22002057a 4500
999 _c178893
_d178893
005 20210426161235.0
010 _aENG-129477
020 _c700.00
_a978-93-88016-53-7
035 _aEN-113009
037 _bDBAD/PUB
082 _a158.1
100 _aRao, K. Ravikanth
245 _aLIfe Skillls Education :
_b/
_cK. Ravikanth Rao, P. Dinakar, K.S. Sudheer Reddy
250 _a2019
260 _aHyderabad
_bNeelkamal Publications Pvt. Ltd.
_c2019
270 _aSultan Bazar, Hyderabad
_bHyderabad
_e500095
_k24757140
_mneelkamalbooks@gmail.com
300 _a195.p
_c24cm(hbk)
_bBibliography, Index
700 _aDinakar, P., Reddy, K.S. Sudheer
942 _2ddc
_cEN
_h158.1
_mRAO